LDR 03032nam a2200913 i 4500 001 991053345861508366 005 20260318093409.0 008 190628s2019 pl ad f |001 0 pol^^ 009 b1000000368602 015 _aUWD 2019/19586 020 _a9788301203634 035 _add2024304318 035 _axx005384578 035 _axx005543677 035 _a(PL)b1000000368602 035 _a(EXLNZ-48OMNIS_NETWORK)9910808168005606 040 _aWA N _cWA N _dWA N _dKR U _dLUBL KUL _dLUBL U _dWA U _dKR 093 _dWA N _dKR U _dOLSZT 003 _dWA U _dWA N _dKR U _dKR 295 046 _k1996 080 _81.1\x _a159.9.07 080 _81.2\x _a159.938 080 _81.3\x _a(075.8) 084 _a01 100 1 _aBrzeziński, Jerzy _d(1947- ) _eAutor 245 10 _aMetodologia badań psychologicznych / _cJerzy Brzeziński. 250 _aWydanie nowe. 260 _aWarszawa : _bWydawnictwo Naukowe PWN, _c2019. 300 _aXIX, [1], 524, [2] strony : _bilustracje, wykresy ; _c29 cm. 336 _aTekst _btxt _2rdacontent 337 _aBez urządzenia pośredniczącego _bn _2rdamedia 338 _aWolumin _bnc _2rdacarrier 380 _aKsiążki 380 _aPublikacje dydaktyczne 380 _aPublikacje naukowe 385 _mPoziom nauczania _aSzkoły wyższe 388 1 _a1901-2000 388 1 _a1989-2000 500 _aW obrębie wydania dodruki w latach: 2020, 2021, 2022, 2023, 2024. 504 _aBibliografia, netografia na stronach 429-447 i przy rozdziałach. Indeksy. 521 8 _aDla studentów psychologii. 650 2 _aPsychologia _xmetody 650 2 _aTesty psychologiczne 650 2 _aModele psychologiczne 650 2 _aPsychometria 650 2 _aBadania naukowe 650 2 _aInterpretacja danych statystyczna 655 2 _aPodręczniki [Typ publikacji] 650 7 _aBadania naukowe _2DBN 650 7 _aKonstruowanie testów psychologicznych _2DBN 650 7 _aMetodologia _2DBN 650 7 _aMetody statystyczne _2DBN 650 7 _aPsychometria _2DBN 655 7 _aPodręcznik _2DBN 658 _aPsychologia 650 2 _aPsychologia _xmetody 650 2 _aTesty psychologiczne 650 2 _aModele psychologiczne 655 2 _aPodręczniki [Typ publikacji] 650 0 _aPsychology _xResearch _xMethodology 710 2 _aWydawnictwo Naukowe PWN _eWydawca _4pbl 920 _a978-83-01-20363-4